| 000 | 00793nam a22002177a 4500 | ||
|---|---|---|---|
| 999 |
_c21312 _d21312 |
||
| 003 | AR-CdUCM | ||
| 008 | 190321b ||||| |||| 00| 0 spa d | ||
| 040 |
_aMUNICIPALIDAD PROVINCIAL DEL CUSCO _cBIBLIOTECA MUNICIPAL DEL CUSCO |
||
| 082 |
_aES/303.485/H87 _bH87 |
||
| 100 |
_aHuamán Huamán, Nahon _944475 |
||
| 245 | _aCompetencia lingüística / | ||
| 260 |
_aCusco ; _bGlobal impresores, _c2017. |
||
| 300 |
_a263 Páginas. : _c20 cm. |
||
| 505 | _aContenido : Lenguaje humano -- Fonología -- Fonética -- La Sílaba -- La acentuación -- Los signos de puntuación ... | ||
| 650 |
_aComunicación educativa _944262 |
||
| 650 |
_aEducación _9460 |
||
| 650 |
_aLenguaje y comunicación _944263 |
||
| 650 |
_aCompetencia Lingüística _944279 |
||
| 942 |
_2ddc _cLIBROS |
||
| 945 | _aRoel | ||